RESEARCH programme (including progress reports for 1953)

Bibliographic Details
Corporate Author: Forest Research Institute Malaysia (FRIM)
Format: Book
Published: Kuala Lumpur : Forest Department , 1954
Series:Research pamphlet ; no. 15
Subjects:

MARC

LEADER 00000cam a2200000 7i4500
001 0000003053
005 20040415.0
090 0 0 |a RP634.9072   |b RES 1954 
245 0 0 |a RESEARCH programme (including progress reports for 1953) 
260 0 0 |a Kuala Lumpur :   |b Forest Department ,   |c 1954 
300 |a Various pagings ;   |c 34 cm. 
440 0 0 |a Research pamphlet ; no. 15 
650 0 0 |a Forests and forestry   |x Research 
710 1 1 |a Forest Research Institute Malaysia (FRIM) 
998 |a JPSM 
999 |a 0000005379   |b Monograph   |c Open Shelf   |e Default branch 
999 |a 0000005380   |b Monograph   |c Open Shelf   |e Default branch